| 000 | 00854nam a22002897a 4500 | ||
|---|---|---|---|
| 003 | CHAP | ||
| 005 | 20220329140617.0 | ||
| 008 | 971013s1975 r 00010 d | ||
| 010 | _a54720 | ||
| 011 | _a55692 | ||
| 035 | _a59844 | ||
| 040 | _cCHAP | ||
| 082 |
_a572 _bW5 |
||
| 100 | 0 | 0 |
_aWillems, Emilio. _9122001 |
| 245 | _aLatin american culture an anthropological synthesis | ||
| 260 |
_aNew York : _bHarper & Row, _c1975 |
||
| 300 | _a423 p. | ||
| 504 | _aBibliografía, pp. 395-410 | ||
| 590 |
_aBATCH-UPD _b10 _c20130110 _lUCH01 _h0408 |
||
| 590 |
_aBATCH-UPD _b10 _c20130410 _lUCH01 _h0042 |
||
| 590 |
_aCONVERSION _b10 _c20130109 _lUCH01 _h1330 |
||
| 650 | 1 | 4 |
_aAmerica Latina _xCultura. _95397 |
| 650 | 1 | 4 |
_aAntropologia. _96133 |
| 901 | _aBK | ||
| 942 | _cLIBRO | ||
| 949 |
_a572 W5 _bBC _cLIBRO _d33724000478053 _eLIBRO _h45030 _i59844 _si _t439.00 |
||
| 999 |
_c54720 _d54720 |
||